| 000 | 00356nam a22001337a 4500 | ||
|---|---|---|---|
| 005 | 20170628105716.0 | ||
| 008 | 170628b xxu||||| |||| 00| 0 eng d | ||
| 022 | _a2229-5593 | ||
| 245 | _aMedia Mimansa | ||
| 250 | _aIssue No 1 | ||
| 260 |
_aBhopal _bMakhanlal Chaturvedi National University of Journalism Communication _c2017 |
||
| 300 | _a48 | ||
| 942 | _cJRL | ||
| 999 |
_c5486 _d5484 |
||